[Event "GER-chT North U14"]
[Site "Magdeburg"]
[Date "2012.09.08"]
[Round "5.4"]
[White "Munkelt, Philip"]
[Black "Berger, Hendrik"]
[Result "0-1"]
[WhiteElo "1062"]
[BlackElo "1168"]
[PlyCount "56"]
[EventDate "2012.09.06"]
[EventType "team-swiss"]
[EventRounds "7"]
[EventCountry "GER"]
[SourceTitle "EXT 2015"]
[Source "ChessBase"]
[SourceDate "2014.11.20"]
[SourceVersion "1"]
[SourceVersionDate "2014.11.20"]
[SourceQuality "1"]
[WhiteTeam "Granschuetz Gruen Weiss"]
[BlackTeam "Hamburg Koenigsspringer"]
[WhiteTeamCountry "GER"]
[BlackTeamCountry "GER"]

1. e4 e5 2. Nf3 Nc6 3. Bb5 f5 4. d3 fxe4 5. dxe4 Nf6 6. Nbd2 Bc5 7. 0-0 d6 8. h3 0-0 9. Re1 Nd4 10. Nxd4 Bxd4 11. Nf3 Bb6 12. Bc4+ Kh8 13. Bb3 Qe8 14. Qd3 Be6 15. Bxe6 Qxe6 16. c4 Nh5 17. b3 Nf4 18. Bxf4 Rxf4 19. Rac1 Raf8 20. Rc2 Rxf3 21. gxf3 Qxh3 22. Qd2 Rf6 23. Qg5 Rg6 24. Qxg6 hxg6 25. Ree2 Qg3+ 26. Kf1 Qxf3 27. Ke1 Ba5+ 28. Kd1 Qh1+ 0-1